Calcul mental #3 - Statistiques

Statistiques générales
  • Ce quiz a été pris 44 fois
  • Le résultat moyen est 33 sur 50
Statistiques - réponses
Opération Réponse % Correct
6 - -3 = 9
100%
5 x -2 = -10
79%
7 + 9 = 16
79%
-10 - -2 = -8
79%
-7 + 6 = -1
77%
-2 + -9 = -11
77%
? : -4 = -4 16
77%
? x -6 = 6 -1
74%
? x 3 = 30 10
74%
? x 5 = -50 -10
74%
5 - 3 = 2
74%
-2 x -1 = 2
74%
6 x 9 = 54
74%
-8 x ? = 64 -8
74%
-9 - ? = 1 -10
72%
2² - 4² = -12
72%
3 + ? = 1 -2
72%
8 + ? = 6 -2
72%
? + -4 = 1 5
72%
? : -9 = 6 -54
72%
? : 9 = 8 72
72%
11 - 3 = 8
72%
54 : -6 = -9
72%
? : 4 = -8 -32
67%
-1 - 9 = -10
64%
? - 4 = 10 14
64%
-7 x -5 = 35
64%
28 : ? = -7 -4
64%
-6 + ? = -15 -9
64%
-70 : -7 = 10
62%
5 + 8 = 13
62%
9 + 6 = 15
62%
-8 + ? = -2 6
62%
3 x 2 = 6
62%
7² - 6² = 13
59%
4 x -7 = -28
59%
-3 x ? = -9 3
59%
8² - 2² = 60
59%
-80 : -10 = 8
59%
-1 - -10 = 9
59%
? - 6 = 3 9
59%
5 : ? = -5 -1
56%
-4 x ? = -24 6
56%
-2 - ? = -9 7
56%
6 - ? = -2 8
56%
-7 x ? = 63 -9
56%
? : -1 = -10 10
54%
? : -8 = 2 -16
54%
? + 9 = 2 -7
54%
? + -5 = -11 -6
49%
Aucun quiz correspondant
Distribution des résultats
% des personnes avec chaque résultat
Percentile par nombre de réponses
Votre historique - résultats
Vous n’avez pas pris ce quiz